000 00813nem a2200253 i 4500
001 bg
245 0 0 _aSzwajcaria :
_bencyklopedia drogowa : skala 1 : 150 000 /
_coprac. Wydawnictwo Kartograficzne Mapy Ścienne Beata Piętka.
255 _aSkala 1:150 000.
260 _aKatowice :
_bWydawnictwo Kartograficzne "Mapy Ścienne" Beata Piętka,
_c2008.
300 _a256 s. :
_bmapy kolor. ;
_c24 cm.
504 _aIndeks miejscowości.
651 9 _aSzwajcaria
651 9 _aPolska
655 _aMapy samochodowe
020 _a8373454136
040 _cBPK
041 0 _apol
044 _aPOL
080 _a912:656.13](494)
920 _a83-7345-412-8
942 _cMP
008 100303s2008 pl a |001 0 pol
999 _c49214
_d49214
856 _uhttp://koha.tu.koszalin.pl/cgi-bin/koha/opac-detail.pl?biblionumber=49214
_yKatalog online BPK